[Event "Titled Tuesday intern op 24th Sep Early"]
[Site "Chess.com INT"]
[Date "2024.09.24"]
[Round "2"]
[White "Margl, Roland"]
[Black "Zhigalko, Sergei"]
[Result "1-0"]
[WhiteElo "2263"]
[BlackElo "2572"]
[PlyCount "77"]
[EventDate "2024.09.24"]
[EventType "swiss (blitz)"]
[EventRounds "11"]
[EventCountry "USA"]
[SourceTitle "EXT 2025"]
[Source "ChessBase"]
[SourceDate "2024.10.14"]
[SourceVersion "1"]
[SourceVersionDate "2024.10.14"]
[SourceQuality "1"]

1. e4 c5 2. Nf3 Nc6 3. d4 cxd4 4. Nxd4 Nf6 5. Nc3 e5 6. Ndb5 d6 7. Bg5 a6 8. Na3 b5 9. Nab1 Rb8 10. a4 b4 11. Nd5 Be7 12. Bxf6 Bxf6 13. Bc4 0-0 14. 0-0 Bg5 15. Qd3 a5 16. Nd2 Kh8 17. Nf3 f5 18. Nxg5 Qxg5 19. exf5 Bxf5 20. Qe3 Qg6 21. c3 bxc3 22. bxc3 Rb2 23. Qg3 Qh6 24. Ne3 Bc8 25. Rab1 Rxb1 26. Rxb1 Qf6 27. h3 Ne7 28. Rb6 Nf5 29. Nxf5 Bxf5 30. Bd5 h6 31. c4 Qe7 32. Qc3 Qa7 33. Rxd6 Bh7 34. Qe3 Qc7 35. Qxe5 Qc8 36. Rxh6 Qc5 37. Rxh7+ Kxh7 38. Be4+ Rf5 39. Bxf5+ 1-0

[Event "Titled Tuesday intern op 17th Sep Early"]
[Site "Chess,com INT"]
[Date "2024.09.17"]
[Round "9"]
[White "Haitin, Ilja"]
[Black "Margl, Roland"]
[Result "0-1"]
[WhiteElo "2249"]
[BlackElo "2263"]
[PlyCount "112"]
[EventDate "2024.09.17"]
[EventType "swiss (blitz)"]
[EventRounds "11"]
[EventCountry "USA"]
[SourceTitle "EXT 2025"]
[Source "ChessBase"]
[SourceDate "2024.10.14"]
[SourceVersion "1"]
[SourceVersionDate "2024.10.14"]
[SourceQuality "1"]

1. d4 Nf6 2. c4 g6 3. Nf3 Bg7 4. e3 0-0 5. Be2 c5 6. dxc5 Na6 7. 0-0 Nxc5 8. b4 Nce4 9. Bb2 d6 10. Nbd2 Bf5 11. Nd4 Bd7 12. Nxe4 Nxe4 13. Bf3 Nf6 14. Qb3 Rb8 15. Rfd1 Qc8 16. h3 Be8 17. Rac1 Nd7 18. c5 dxc5 19. bxc5 Ne5 20. Be2 Nc6 21. Qa3 Nxd4 22. exd4 e6 23. Bf3 Bc6 24. d5 Bxb2 25. Qxb2 exd5 26. Bxd5 Qf5 27. Bxc6 bxc6 28. Qa3 Rb7 29. Rd6 Rc8 30. Rcd1 Qe5 31. Qf3 Kg7 32. Rd7 Rxd7 33. Rxd7 Rf8 34. Qxc6 Qa1+ 35. Kh2 Qe5+ 36. g3 Qf5 37. Kg2 Re8 38. Rxa7 Re1 39. Qf3 Rg1+ 40. Kxg1 Qxf3 41. Re7 Qc6 42. Re3 Qxc5 43. h4 Qc1+ 44. Kg2 Qc6+ 45. Kg1 h6 46. a3 g5 47. hxg5 hxg5 48. Kh2 Qc2 49. Kg2 f5 50. Re7+ Kf6 51. Re3 f4 52. Re1 Qc3 53. Rd1 Qxa3 54. Re1 Kf5 55. Rb1 Kg4 56. Rh1 Qf3+ 0-1

[Event "Titled Tuesday intern op 17th Sep Early"]
[Site "Chess,com INT"]
[Date "2024.09.17"]
[Round "1"]
[White "Vasques, Antonio Pedro Freix"]
[Black "Margl, Roland"]
[Result "0-1"]
[WhiteElo "2238"]
[BlackElo "2263"]
[PlyCount "52"]
[EventDate "2024.09.17"]
[EventType "swiss (blitz)"]
[EventRounds "11"]
[EventCountry "USA"]
[SourceTitle "EXT 2025"]
[Source "ChessBase"]
[SourceDate "2024.10.14"]
[SourceVersion "1"]
[SourceVersionDate "2024.10.14"]
[SourceQuality "1"]

1. e4 e5 2. Nf3 Nf6 3. Nxe5 d6 4. Nf3 Nxe4 5. c4 Nc6 6. Nc3 Nxc3 7. dxc3 Be7 8. Bd3 0-0 9. Qc2 h6 10. Be3 Bg4 11. Nd4 Nxd4 12. cxd4 Bf6 13. h3 Bd7 14. 0-0-0 Re8 15. Kb1 Qe7 16. g4 c5 17. d5 a6 18. Bc1 b5 19. f4 bxc4 20. Bxc4 Bd4 21. Bd2 Bb5 22. Rhe1 Qh4 23. Bxb5 axb5 24. Bc3 Bxc3 25. Qxc3 b4 26. Qf3 Rxe1 0-1

[Event "Titled Tuesday intern op 27th Aug Early"]
[Site "Chess.com INT"]
[Date "2024.08.27"]
[Round "4"]
[White "Margl, Roland"]
[Black "Babula, Vlastimil1"]
[Result "1-0"]
[WhiteElo "2263"]
[BlackElo "2326"]
[PlyCount "141"]
[EventDate "2024.08.27"]
[EventType "swiss (blitz)"]
[EventRounds "11"]
[EventCountry "USA"]
[SourceTitle "EXT 2025"]
[Source "ChessBase"]
[SourceDate "2024.10.14"]
[SourceVersion "1"]
[SourceVersionDate "2024.10.14"]
[SourceQuality "1"]

1. e4 e5 2. Nf3 Nc6 3. d4 exd4 4. Nxd4 Bc5 5. Nxc6 bxc6 6. Bd3 Ne7 7. 0-0 0-0 8. Nd2 d5 9. Nb3 Bd6 10. Be3 Ng6 11. exd5 cxd5 12. Qh5 c6 13. Rad1 Qe7 14. Rfe1 Qe5 15. Bxg6 hxg6 16. Qxe5 Bxe5 17. Bc5 Re8 18. f4 Bg4 19. fxe5 Bxd1 20. Rxd1 Rxe5 21. Nd4 Rc8 22. b4 a6 23. Kf2 f5 24. a4 Kf7 25. a5 Ke8 26. Nb3 Re4 27. Bd4 Kf7 28. h3 Rce8 29. Nc5 Re2+ 30. Kf3 Rxc2 31. Nxa6 Rc4 32. Bc5 Ree4 33. Nc7 Rf4+ 34. Ke3 Rfe4+ 35. Kd3 Rxc5 36. bxc5 Ra4 37. a6 Ke7 38. Rb1 Kd7 39. Rb7 Kc8 40. Kc3 Ra5 41. Kb4 Ra1 42. Ne6 Rxa6 43. Rxg7 Ra2 44. Rxg6 f4 45. Nxf4 d4 46. Kc4 d3 47. Nxd3 Kc7 48. Rg7+ Kc8 49. h4 Ra4+ 50. Nb4 Ra1 51. h5 Rc1+ 52. Kd4 Rd1+ 53. Nd3 Rh1 54. g4 Rh4 55. Ne5 Rh1 56. Nxc6 Rd1+ 57. Ke5 Rd5+ 58. Ke4 Rxc5 59. Ne7+ Kd8 60. Nf5 Rc4+ 61. Ke5 Ke8 62. Ra7 Kf8 63. g5 Rc5+ 64. Ke6 Rc6+ 65. Nd6 Kg8 66. h6 Rb6 67. g6 Rb8 68. Kf6 Kh8 69. Rh7+ Kg8 70. Rg7+ Kh8 71. Nf7# 1-0

[Event "Titled Tuesday intern op 20th Aug Early"]
[Site "Chess.com INT"]
[Date "2024.08.20"]
[Round "4"]
[White "Pranav, V."]
[Black "Margl, Roland"]
[Result "1-0"]
[WhiteElo "2598"]
[BlackElo "2263"]
[PlyCount "81"]
[EventDate "2024.08.20"]
[EventType "swiss (blitz)"]
[EventRounds "11"]
[EventCountry "USA"]
[SourceTitle "EXT 2025"]
[Source "ChessBase"]
[SourceDate "2024.10.14"]
[SourceVersion "1"]
[SourceVersionDate "2024.10.14"]
[SourceQuality "1"]

1. Nf3 Nf6 2. g3 c5 3. Bg2 Nc6 4. 0-0 e5 5. e4 Be7 6. Re1 0-0 7. d3 d6 8. Nc3 h6 9. a3 Be6 10. Nd2 d5 11. exd5 Nxd5 12. Nf3 Nxc3 13. bxc3 Bd6 14. Nd2 Qc7 15. Rb1 Rfd8 16. Qe2 f6 17. Nc4 Bf7 18. Ne3 Rab8 19. Qg4 Ne7 20. Nc4 Qd7 21. Qxd7 Rxd7 22. Nxd6 Rxd6 23. f4 Nd5 24. fxe5 fxe5 25. c4 Nf6 26. Rxe5 Rb6 27. Rxb6 axb6 28. Re7 b5 29. cxb5 c4 30. b6 cxd3 31. cxd3 Bd5 32. Bf4 Ra8 33. Bxd5+ Nxd5 34. Rxb7 Nxf4 35. gxf4 Rxa3 36. Rb8+ Kf7 37. b7 Rb3 38. f5 Rb2 39. f6 h5 40. fxg7 Kxg7 41. d4 1-0

[Event "HUN-ch Blitz"]
[Site "Ajka"]
[Date "2024.07.19"]
[Round "3"]
[White "Margl, Roland"]
[Black "Volokitin, Andrei"]
[Result "1/2-1/2"]
[WhiteElo "2277"]
[BlackElo "2667"]
[PlyCount "55"]
[EventDate "2024.07.19"]
[EventType "swiss (blitz)"]
[EventRounds "13"]
[EventCountry "HUN"]
[SourceTitle "CBM 221 Extra"]
[Source "ChessBase"]
[SourceDate "2024.09.30"]
[SourceVersion "1"]
[SourceVersionDate "2024.09.30"]
[SourceQuality "1"]

1. Nf3 c5 2. c4 Nf6 3. g3 d5 4. cxd5 Nxd5 5. Bg2 Nc6 6. d4 cxd4 7. Nxd4 Ndb4 8. Nxc6 Qxd1+ 9. Kxd1 Nxc6 10. Nc3 Be6 11. Be3 g6 12. Rc1 Bg7 13. f4 Bxc3 14. Rxc3 Rd8+ 15. Ke1 Bd5 16. Bxd5 Rxd5 17. Kf2 Kd7 18. Rhc1 Rc8 19. Rc5 Rxc5 20. Rxc5 b6 21. Rd5+ Ke6 22. Rd2 Nb4 23. a3 Nd5 24. Bd4 f5 25. Kf3 Rc1 26. e4 fxe4+ 27. Kxe4 Nf6+ 28. Bxf6 1/2-1/2

[Event "HUN-ch Blitz"]
[Site "Ajka"]
[Date "2024.07.19"]
[Round "6"]
[White "Sipos, Istvan"]
[Black "Margl, Roland"]
[Result "1/2-1/2"]
[WhiteElo "2454"]
[BlackElo "2277"]
[PlyCount "79"]
[EventDate "2024.07.19"]
[EventType "swiss (blitz)"]
[EventRounds "13"]
[EventCountry "HUN"]
[SourceTitle "CBM 221 Extra"]
[Source "ChessBase"]
[SourceDate "2024.09.30"]
[SourceVersion "1"]
[SourceVersionDate "2024.09.30"]
[SourceQuality "1"]

1. c4 e6 2. g3 d5 3. Bg2 Nf6 4. Nf3 d4 5. e3 c5 6. exd4 cxd4 7. 0-0 Nc6 8. Re1 Bd6 9. d3 0-0 10. a3 a5 11. Bg5 h6 12. Bxf6 Qxf6 13. Nbd2 Bc7 14. c5 e5 15. Nc4 Bf5 16. Qb3 Rab8 17. Nfd2 Qe7 18. Rac1 Rfe8 19. Ne4 Bxe4 20. Bxe4 Qxc5 21. Kg2 Qf8 22. Qb5 f5 23. Bxc6 bxc6 24. Qxc6 Qf7 25. Rc2 Re6 26. Qd5 Rd8 27. Qf3 e4 28. dxe4 d3 29. Rc3 fxe4 30. Qxf7+ Kxf7 31. Nd2 Be5 32. Rb3 Rc8 33. Rxe4 Rc2 34. Rxd3 Rxb2 35. Nc4 Rb5 36. h4 h5 37. Rxe5 Rexe5 38. Nxe5+ Rxe5 39. Rd6 g6 40. Ra6 1/2-1/2

[Event "Szombathely Hali Cup"]
[Site "Szombathely"]
[Date "2024.02.15"]
[Round "6"]
[White "Margl, Roland"]
[Black "Leszko, Bence"]
[Result "1/2-1/2"]
[WhiteElo "2321"]
[BlackElo "2267"]
[PlyCount "32"]
[EventDate "2024.02.12"]
[EventType "tourn"]
[EventRounds "9"]
[EventCountry "HUN"]
[EventCategory "2"]
[SourceTitle "EXT 2025"]
[Source "ChessBase"]
[SourceDate "2024.10.14"]
[SourceVersion "1"]
[SourceVersionDate "2024.10.14"]
[SourceQuality "1"]

1. d4 d5 2. Nf3 Nf6 3. c4 e6 4. g3 dxc4 5. Qa4+ Nc6 6. Bg2 Bb4+ 7. Bd2 Nd5 8. Bxb4 Ndxb4 9. 0-0 Rb8 10. Nc3 a6 11. Ne5 0-0 12. Nxc6 Nxc6 13. Bxc6 bxc6 14. Qxc4 Rxb2 15. Rfe1 Rd2 16. e3 e5 1/2-1/2

[Event "HUN-chT1 Charousek 2324"]
[Site "Hungary"]
[Date "2023.10.15"]
[Round "2.1"]
[White "Margl, Roland"]
[Black "Horvath, Csaba"]
[Result "1/2-1/2"]
[WhiteElo "2334"]
[BlackElo "2497"]
[PlyCount "43"]
[EventDate "2023.10.08"]
[EventType "team-tourn"]
[EventRounds "11"]
[EventCountry "HUN"]
[SourceTitle "EXT 2025"]
[Source "ChessBase"]
[SourceDate "2024.10.14"]
[SourceVersion "1"]
[SourceVersionDate "2024.10.14"]
[SourceQuality "1"]
[WhiteTeam "Gyor Szechenyi"]
[BlackTeam "Tuxera ANSK II"]
[WhiteTeamCountry "HUN"]
[BlackTeamCountry "HUN"]

1. d4 Nf6 2. c4 e6 3. Nf3 d5 4. g3 Be7 5. Bg2 0-0 6. 0-0 c6 7. Qc2 b6 8. Nbd2 Bb7 9. e4 a5 10. e5 Nfd7 11. cxd5 cxd5 12. Re1 Nc6 13. a3 b5 14. Nf1 a4 15. h4 h6 16. Bd2 b4 17. axb4 Nxb4 18. Bxb4 Bxb4 19. Rec1 Nb6 20. Ne1 Ba6 21. Nd3 Bxd3 22. Qxd3 1/2-1/2

[Event "HUN-chT1 Charousek 2223"]
[Site "Hungary"]
[Date "2022.12.04"]
[Round "2.2"]
[White "Margl, Roland"]
[Black "Balazs, Gabor1"]
[Result "1/2-1/2"]
[WhiteElo "2322"]
[BlackElo "2376"]
[PlyCount "39"]
[EventDate "2022.11.20"]
[EventType "team-tourn"]
[EventRounds "9"]
[EventCountry "HUN"]
[SourceTitle "EXT 2025"]
[Source "ChessBase"]
[SourceDate "2024.10.14"]
[SourceVersion "1"]
[SourceVersionDate "2024.10.14"]
[SourceQuality "1"]
[WhiteTeam "Tapolca VSE"]
[BlackTeam "Paks ASE II"]
[WhiteTeamCountry "HUN"]
[BlackTeamCountry "HUN"]

1. d4 d5 2. Nf3 Nf6 3. c4 c6 4. cxd5 cxd5 5. Nc3 Nc6 6. Bf4 Bf5 7. Qb3 Na5 8. Qa4+ Bd7 9. Qc2 Rc8 10. e3 b5 11. a3 e6 12. Bd3 Be7 13. 0-0 a6 14. Ne5 0-0 15. Rac1 Be8 16. Qe2 Nd7 17. Nxd7 Bxd7 18. a4 b4 19. Nb1 Bxa4 20. Bxa6 1/2-1/2

[Event "Level op-A 8th"]
[Site "Level"]
[Date "2022.09.09"]
[Round "1"]
[White "Horvath, Tibor"]
[Black "Margl, Roland"]
[Result "0-1"]
[WhiteElo "1846"]
[BlackElo "2312"]
[PlyCount "96"]
[EventDate "2022.09.09"]
[EventType "swiss"]
[EventRounds "7"]
[EventCountry "HUN"]
[SourceTitle "EXT 2023"]
[Source "ChessBase"]
[SourceDate "2022.10.05"]
[SourceVersion "1"]
[SourceVersionDate "2022.10.05"]
[SourceQuality "1"]

1. d4 d5 2. c4 e6 3. Nf3 Nf6 4. Nc3 c5 5. e3 dxc4 6. Bxc4 a6 7. a4 Nc6 8. 0-0 Be7 9. Qe2 cxd4 10. Rd1 0-0 11. exd4 Nb4 12. Ne5 Qa5 13. Be3 Rd8 14. Rac1 Bd7 15. Nxd7 Rxd7 16. Qf3 Nbd5 17. Nxd5 Nxd5 18. b3 Bf6 19. Bxd5 exd5 20. Rc5 Qd8 21. Rdc1 Be7 22. R5c2 Ba3 23. Ra1 Bf8 24. Rac1 Qb6 25. Rc3 Re8 26. Qg4 Rd6 27. h4 Re4 28. Qg3 Rc6 29. Qb8 Rxc3 30. Rxc3 Qb4 31. Bd2 Rxd4 32. Rd3 Qa3 33. Rxd4 Qa1+ 34. Kh2 Qxd4 35. Bg5 Qb4 36. Qg3 Bd6 37. f4 Kf8 38. Qg4 Qc5 39. Qd7 f6 40. Qd8+ Kf7 41. Qd7+ Be7 42. Qxb7 fxg5 43. hxg5 Qd6 44. g3 d4 45. Qe4 d3 46. Qxh7 d2 47. Qh5+ g6 48. Qh7+ Ke8 0-1